000 00977pam a2200349 a 4500
001 4597
003 FISKH
005 20250827090448.0
008 110129s2009 enka b 000 0 eng
010 _a 2011286394
020 _a9780756656041 (pb)
020 _a9780756656065 (plc)
040 _aDLC
_cDLC
_beng
050 _aQL668.E2
082 _a597.8139
100 1 _aWallace, Karen.
245 1 0 _aTale of a tadpole /
_cwritten by Karen Wallace.
260 _aNew York :
_bDK Pub.,
_c2009.
300 _a32 pages :
_bcolor illustrations ;
_c23 cm.
490 0 _aDK readers
500 _a"Beginning to read, 1"--cover.
505 _aI
520 _aDescribes the development of a tadpole into a frog.
521 8 _a450
_bLexile
521 8 _aI
_bRaz-Plus
650 0 _aTadpoles
_vJuvenile literature.
650 1 _aTadpoles.
650 1 _aFrogs.
906 _a7
_bcbc
_corigcop
_d2
_eocip
_f20
_gy-gencatlg
942 _2ddc
_cBK
_n0
999 _c4597
_d4597